Sanat - "Nuku nuku nurmilintu" - Statistics

Yleistilastot
  • Tätä visaa on pelattu 8 kertaa
  • Keskiarvotulos 23 / 36
Vastaustilastot
Vastaus % Oikein
Nuku
100%
nuku
100%
nuku
100%
Nuku
100%
nuku
100%
nuku
100%
Nuku
100%
nuku
100%
nuku
100%
nurmilintu
100%
nurmilintu
100%
kun
86%
kun
86%
västäräkki
86%
västäräkki
86%
väsy
86%
väsy
86%
väsy
86%
väsy
86%
väsy
86%
minä
71%
minä
71%
nukutan
71%
väsytän
43%
hyvälle
14%
hyvälle
14%
kalliolle
14%
maalle
14%
mättähälle
14%
mesimarja
14%
nukkeroinen
14%
nurmelle
14%
nurmelle
14%
vaivu
14%
valkealle
14%
valtiaalle
0%
Ehtoja vastaavia visoja ei löytynyt
Tulosjakauma
Jokaisen tuloksen saaneiden osuus
Persentiili vastausten määrän mukaan
Tuloshistoriasi
Et ole pelannut tätä visaa